[Event "SUI-chT"]
[Site "Switzerland"]
[Date "2023.08.27"]
[Round "7.8"]
[White "Lepot, Simon"]
[Black "Guex, Pascal"]
[Result "1/2-1/2"]
[WhiteElo "2206"]
[BlackElo "2130"]
[PlyCount "82"]
[EventDate "2023.04.16"]
[EventType "team-tourn"]
[EventRounds "9"]
[EventCountry "SUI"]
[SourceTitle "EXT 2024"]
[Source "ChessBase"]
[SourceDate "2023.10.10"]
[SourceVersion "1"]
[SourceVersionDate "2023.10.10"]
[SourceQuality "1"]
[WhiteTeam "Reti"]
[BlackTeam "Nyon"]
[WhiteTeamCountry "SUI"]
[BlackTeamCountry "SUI"]

1. e4 e5 2. Nf3 Nc6 3. Bb5 a6 4. Bxc6 dxc6 5. 0-0 Bg4 6. h3 h5 7. d3 Qf6 8. Be3 Bxf3 9. Qxf3 Qxf3 10. gxf3 Bd6 11. Nd2 Ne7 12. Rfb1 f6 13. Kf1 Kf7 14. Nc4 g5 15. b4 Rag8 16. a4 g4 17. fxg4 hxg4 18. hxg4 Rxg4 19. Bc5 Ke6 20. Ke2 Rh2 21. Rh1 Rgh4 22. Rxh2 Rxh2 23. Rg1 Rh7 24. c3 Rh3 25. Ne3 b6 26. Bxd6 cxd6 27. c4 Rh8 28. Rg7 Rh1 29. c5 dxc5 30. bxc5 b5 31. axb5 axb5 32. Nf5 Nxf5 33. exf5+ Kd5 34. Rg6 Kxc5 35. Rxf6 Kd5 36. Rf8 Rh6 37. Rd8+ Rd6 38. Rf8 Rh6 39. f6 b4 40. Rb8 Rxf6 41. Rxb4 Rf8 1/2-1/2

[Event "Copenhagen Cand op"]
[Site "Copenhagen"]
[Date "2013.04.28"]
[Round "9"]
[White "Lepot, Simon"]
[Black "Tandrup, Michael"]
[Result "1/2-1/2"]
[WhiteElo "2075"]
[BlackElo "1977"]
[PlyCount "37"]
[EventDate "2013.04.24"]
[EventType "swiss"]
[EventRounds "9"]
[EventCountry "DEN"]
[SourceTitle "EXT 2015"]
[Source "ChessBase"]
[SourceDate "2014.11.20"]
[SourceVersion "1"]
[SourceVersionDate "2014.11.20"]
[SourceQuality "1"]

1. e4 c5 2. Nf3 d6 3. d4 cxd4 4. Nxd4 Nf6 5. Nc3 g6 6. Be3 Bg7 7. Bc4 0-0 8. f3 Nc6 9. Bb3 Bd7 10. Qd2 Re8 11. 0-0-0 Na5 12. Kb1 Nxb3 13. cxb3 a6 14. h4 h5 15. Rdg1 e5 16. Nde2 Be6 17. Bg5 Qa5 18. Rd1 Nh7 19. Be3 1/2-1/2

[Event "Copenhagen Challenge"]
[Site "Ballerup"]
[Date "2013.04.24"]
[Round "1"]
[White "Bejtovic, Jasmin"]
[Black "Lepot, Simon"]
[Result "1-0"]
[WhiteElo "2406"]
[BlackElo "2075"]
[PlyCount "55"]
[EventDate "2013.04.24"]
[EventType "swiss"]
[EventRounds "9"]
[EventCountry "DEN"]
[SourceTitle "CBM 154 Extra"]
[Source "ChessBase"]
[SourceDate "2013.06.25"]
[SourceVersion "2"]
[SourceVersionDate "2013.06.25"]
[SourceQuality "1"]

1. Nf3 Nf6 2. c4 g6 3. g3 Bg7 4. Bg2 0-0 5. Nc3 d6 6. 0-0 c6 7. d3 Qa5 8. h3 e5 9. Rb1 Nh5 10. b4 Qc7 11. d4 f5 12. dxe5 dxe5 13. e4 f4 14. g4 Nf6 15. Qb3 Kh8 16. c5 Qe7 17. Bb2 h5 18. g5 Ne8 19. Rfd1 Be6 20. Qc2 Nd7 21. Rd2 a5 22. a3 axb4 23. axb4 b6 24. Na4 bxc5 25. Nxc5 Nxc5 26. Qxc5 Qxc5 27. bxc5 Rb8 28. Nxe5 1-0

[Event "Paris-ch op-B 87th"]
[Site "Paris"]
[Date "2012.07.12"]
[Round "6"]
[White "Ternault, Mathieu"]
[Black "Lepot, Simon"]
[Result "1-0"]
[WhiteElo "2130"]
[BlackElo "2037"]
[PlyCount "93"]
[EventDate "2012.07.07"]
[EventType "swiss"]
[EventRounds "9"]
[EventCountry "FRA"]
[SourceTitle "EXT 2013"]
[Source "ChessBase"]
[SourceDate "2012.11.22"]
[SourceVersion "1"]
[SourceVersionDate "2012.11.22"]
[SourceQuality "1"]

1. d4 Nf6 2. c4 g6 3. Nc3 Bg7 4. Nf3 d6 5. Bg5 0-0 6. e3 Nbd7 7. Be2 c6 8. 0-0 Qc7 9. Qc2 Re8 10. Rfd1 a5 11. a3 e5 12. d5 Nc5 13. Nd2 a4 14. e4 Nfd7 15. Bg4 Nf6 16. Bxc8 Rexc8 17. Be3 Nfd7 18. Rdc1 Rcb8 19. b4 axb3 20. Nxb3 Na4 21. Nd2 Ndc5 22. Rab1 Nxc3 23. Qxc3 Nd7 24. Rb4 Bf6 25. Qb2 Bd8 26. Rb1 b6 27. Rd1 c5 28. Rb3 Ra4 29. Qc2 Rba8 30. Nb1 Qa7 31. Bc1 Qa6 32. Rb5 Kg7 33. Rd3 h6 34. Rg3 Bh4 35. Bxh6+ Kxh6 36. Rh3 Kg7 37. Rxh4 Ra5 38. Rb3 b5 39. Qc1 bxc4 40. Qh6+ Kf6 41. Rf3+ Ke7 42. Qg7 Rf8 43. Rh7 Qb7 44. Rxf7+ Rxf7 45. Qxf7+ Kd8 46. Qe7+ Kc8 47. Qe8+ 1-0

[Event "FRA-ch op-B"]
[Site "Nimes"]
[Date "2009.08.19"]
[Round "8"]
[White "Youssoupov, Moisse"]
[Black "Lepot, Simon"]
[Result "1/2-1/2"]
[WhiteElo "1911"]
[BlackElo "1981"]
[PlyCount "46"]
[EventDate "2009.08.11"]
[EventType "swiss"]
[EventRounds "11"]
[EventCountry "FRA"]
[SourceTitle "EXT 2011"]
[Source "ChessBase"]
[SourceDate "2010.11.26"]
[SourceVersion "1"]
[SourceVersionDate "2010.11.26"]
[SourceQuality "1"]

1. d4 c5 2. c3 cxd4 3. cxd4 d5 4. Nc3 Nf6 5. Nf3 Nc6 6. Bf4 Nh5 7. Bd2 e6 8. e3 Bd6 9. Ne5 g6 10. Qa4 Bxe5 11. dxe5 0-0 12. g4 Ng7 13. h4 Nxe5 14. Qf4 f6 15. Rc1 Bd7 16. Qg3 Bc6 17. Be2 h5 18. Rg1 hxg4 19. Bxg4 d4 20. exd4 Qxd4 21. Ne2 Qxg4 22. Qxg4 Nxg4 23. Rxg4 Nf5 1/2-1/2

[Event "Avoine op 24th"]
[Site "Avoine"]
[Date "2009.07.24"]
[Round "7"]
[White "Lepot, Simon"]
[Black "Picart, Laurent"]
[Result "0-1"]
[WhiteElo "1981"]
[BlackElo "2162"]
[PlyCount "74"]
[EventDate "2009.07.18"]
[EventType "swiss"]
[EventRounds "9"]
[EventCountry "FRA"]
[SourceTitle "CBM 131 Extra"]
[Source "ChessBase"]
[SourceDate "2009.09.03"]
[SourceVersion "2"]
[SourceVersionDate "2009.09.16"]
[SourceQuality "1"]

1. e4 c6 2. d4 d5 3. Nd2 dxe4 4. Nxe4 Bf5 5. Ng3 Bg6 6. Nf3 Nd7 7. h4 h6 8. h5 Bh7 9. Bd3 Bxd3 10. Qxd3 e6 11. Bf4 Qa5+ 12. Bd2 Qc7 13. 0-0-0 Ngf6 14. Ne4 0-0-0 15. g3 Nc5 16. Nxc5 Bxc5 17. Bf4 Bd6 18. Bxd6 Rxd6 19. Qe2 Rd5 20. Ne1 Rhd8 21. Nd3 Rxd4 22. c3 R4d5 23. f4 Qa5 24. Ne5 Qxa2 25. Rxd5 Rxd5 26. Re1 Rb5 27. Nc4 Kb8 28. Rd1 Qa1+ 29. Kc2 Qa4+ 30. Kc1 Kc7 31. g4 Nxg4 32. Rd4 Qa1+ 33. Kc2 Qg1 34. Ne5 Nxe5 35. fxe5 Qa1 36. Qf3 Qxb2+ 37. Kd3 Qb1+ 0-1

[Event "Avoine op 24th"]
[Site "Avoine"]
[Date "2009.07.23"]
[Round "6"]
[White "Peeters, Simonne"]
[Black "Lepot, Simon"]
[Result "0-1"]
[WhiteElo "1781"]
[BlackElo "1981"]
[PlyCount "30"]
[EventDate "2009.07.18"]
[EventType "swiss"]
[EventRounds "9"]
[EventCountry "FRA"]
[SourceTitle "CBM 131 Extra"]
[Source "ChessBase"]
[SourceDate "2009.09.03"]
[SourceVersion "2"]
[SourceVersionDate "2009.09.16"]
[SourceQuality "1"]

1. d4 d5 2. Nf3 Nf6 3. c4 c6 4. Nc3 dxc4 5. a4 Bf5 6. Bg5 Nd5 7. Qc1 Qa5 8. e3 Nb4 9. e4 Bxe4 10. Bxc4 Nc2+ 11. Kf1 Bxf3 12. Qxc2 Bxg2+ 13. Ke2 Bxh1 14. Bxf7+ Kxf7 15. Qb3+ Bd5 0-1

[Event "Naujac op"]
[Site "Naujac"]
[Date "2009.07.??"]
[Round "4"]
[White "Lepot, Simon"]
[Black "Fomichenko, Eduard"]
[Result "0-1"]
[WhiteElo "2000"]
[BlackElo "2512"]
[PlyCount "91"]
[EventDate "2009.07.??"]
[EventType "swiss"]
[EventRounds "9"]
[EventCountry "FRA"]
[SourceTitle "CBM 131 Extra"]
[Source "ChessBase"]
[SourceDate "2009.09.03"]
[SourceVersion "2"]
[SourceVersionDate "2009.09.16"]
[SourceQuality "1"]

1. e4 c5 2. Nf3 e6 3. d4 cxd4 4. Nxd4 Nc6 5. Nc3 Qc7 6. g3 a6 7. Bg2 Nf6 8. 0-0 Be7 9. Re1 0-0 10. Nxc6 dxc6 11. e5 Nd5 12. Qg4 f5 13. exf6 Bxf6 14. Ne4 Bd4 15. c3 Ba7 16. c4 Ne7 17. Be3 Bxe3 18. Rxe3 Nf5 19. Ree1 e5 20. Qg5 Nd4 21. Rad1 Bf5 22. Nc5 Rad8 23. Nb3 h6 24. Qh4 Qf7 25. Nxd4 exd4 26. Qe7 Rfe8 27. Qxf7+ Kxf7 28. Kf1 Rxe1+ 29. Kxe1 a5 30. b3 Bg4 31. f3 Be6 32. Kd2 c5 33. f4 b6 34. a4 g5 35. Rf1 gxf4 36. Rxf4+ Kg7 37. h4 Rd6 38. g4 Bc8 39. Ke2 Re6+ 40. Be4 Bb7 41. Kd3 Bc8 42. Ke2 Re5 43. Kd3 Bd7 44. Ke2 Bc6 45. Kd3 Be8 46. Rf5 0-1

[Event "Naujac op"]
[Site "Naujac"]
[Date "2009.07.??"]
[Round "8"]
[White "Lepot, Simon"]
[Black "Lagunes, Jean Renaud"]
[Result "0-1"]
[WhiteElo "2000"]
[BlackElo "2096"]
[PlyCount "86"]
[EventDate "2009.07.??"]
[EventType "swiss"]
[EventRounds "9"]
[EventCountry "FRA"]
[SourceTitle "CBM 131 Extra"]
[Source "ChessBase"]
[SourceDate "2009.09.03"]
[SourceVersion "2"]
[SourceVersionDate "2009.09.16"]
[SourceQuality "1"]

1. e4 g6 2. d4 c5 3. Nf3 cxd4 4. Nxd4 Bg7 5. c4 Nc6 6. Be3 Nf6 7. Nc3 0-0 8. Be2 d6 9. 0-0 Nxd4 10. Bxd4 Bd7 11. Rc1 Bc6 12. f3 Bh6 13. Rc2 Nh5 14. g3 Ng7 15. f4 Ne6 16. Bf2 b6 17. Re1 Nc5 18. Bf3 a5 19. Rd2 Qc7 20. Rde2 Bg7 21. Nd5 Qb7 22. Bd4 e5 23. Bxc5 dxc5 24. f5 gxf5 25. exf5 f6 26. Ne7+ Qxe7 27. Bxc6 Rad8 28. Bd5+ Kh8 29. Re4 b5 30. Rh4 bxc4 31. Ree4 Qf7 32. Rxh7+ Kxh7 33. Rh4+ Bh6 34. Rxh6+ Kxh6 35. Qc1+ Kg7 36. Bxf7 Rxf7 37. Qxc4 Rd1+ 38. Kg2 Rd2+ 39. Kh3 Rxb2 40. a3 Rc7 41. g4 Rcb7 42. g5 R7b3+ 43. Kg4 Rg2+ 0-1

[Event "Naujac op"]
[Site "Naujac"]
[Date "2009.07.??"]
[Round "5"]
[White "Teyssier, Jean Paul"]
[Black "Lepot, Simon"]
[Result "0-1"]
[WhiteElo "1720"]
[BlackElo "2000"]
[PlyCount "52"]
[EventDate "2009.07.??"]
[EventType "swiss"]
[EventRounds "9"]
[EventCountry "FRA"]
[SourceTitle "CBM 131 Extra"]
[Source "ChessBase"]
[SourceDate "2009.09.03"]
[SourceVersion "2"]
[SourceVersionDate "2009.09.16"]
[SourceQuality "1"]

1. e4 c5 2. Nf3 d6 3. d3 Nc6 4. h3 g6 5. c3 Bg7 6. Be3 e5 7. Nbd2 Nge7 8. g4 h5 9. Nh2 hxg4 10. hxg4 Be6 11. Bg2 Qa5 12. Nc4 Qc7 13. g5 0-0-0 14. Qe2 d5 15. exd5 Nxd5 16. 0-0-0 e4 17. Bxe4 Rxh2 18. Rxh2 Qxh2 19. Rh1 Qc7 20. Rh7 Bxc3 21. Bxd5 Bxb2+ 22. Nxb2 Bxd5 23. Bxc5 b6 24. Qg4+ Kb8 25. Bxb6 axb6 26. Nc4 Ne5 0-1

[Event "Naujac op"]
[Site "Naujac"]
[Date "2008.06.27"]
[Round "7"]
[White "Roux, Pierre Yves"]
[Black "Lepot, Simon"]
[Result "0-1"]
[WhiteElo "1662"]
[BlackElo "1988"]
[PlyCount "72"]
[EventDate "2008.06.21"]
[EventType "swiss"]
[EventRounds "9"]
[EventCountry "FRA"]
[SourceTitle "CBM 125 Extra"]
[Source "ChessBase"]
[SourceDate "2008.09.01"]
[SourceVersion "1"]
[SourceVersionDate "2008.09.01"]
[SourceQuality "1"]

1. d4 Nf6 2. c4 e6 3. Nc3 Bb4 4. Bg5 h6 5. Bh4 c5 6. a3 Bxc3+ 7. bxc3 g5 8. Bg3 Qa5 9. Qd3 Ne4 10. Nf3 Qxc3+ 11. Qxc3 Nxc3 12. dxc5 Na4 13. Bd6 Na6 14. e3 N4xc5 15. Be2 Ne4 16. Bb4 Nxb4 17. axb4 b6 18. Ne5 Bb7 19. Bh5 Rf8 20. Bf3 d6 21. Nd3 f5 22. Rg1 Ke7 23. Bxe4 Bxe4 24. Ke2 Rfc8 25. f3 Bxd3+ 26. Kxd3 a5 27. bxa5 bxa5 28. Rgb1 Ra7 29. Ra4 Kd7 30. Rb5 Rc5 31. Rxc5 dxc5 32. g3 Kc6 33. Kc2 Kb6 34. Ra2 a4 35. Kb2 Ka5 36. Ka3 Rb7 0-1

[Event "Naujac op"]
[Site "Naujac"]
[Date "2008.06.24"]
[Round "4"]
[White "Fomichenko, Svetlana"]
[Black "Lepot, Simon"]
[Result "1-0"]
[WhiteElo "2269"]
[BlackElo "1988"]
[PlyCount "43"]
[EventDate "2008.06.21"]
[EventType "swiss"]
[EventRounds "9"]
[EventCountry "FRA"]
[SourceTitle "CBM 125 Extra"]
[Source "ChessBase"]
[SourceDate "2008.09.01"]
[SourceVersion "1"]
[SourceVersionDate "2008.09.01"]
[SourceQuality "1"]

1. e4 c5 2. Nf3 d6 3. d4 cxd4 4. Nxd4 Nf6 5. Nc3 a6 6. Be2 e5 7. Nb3 Be7 8. 0-0 0-0 9. a4 b6 10. Be3 Bb7 11. Bf3 Qc7 12. Qe2 Nc6 13. Qc4 Rac8 14. Rac1 Qb8 15. Bxb6 Nd4 16. Qb4 Nxf3+ 17. gxf3 d5 18. Qxe7 Rxc3 19. bxc3 dxe4 20. Rcd1 Bd5 21. Qc7 Qa8 22. Bc5 1-0

[Event "Avoine op 22nd"]
[Site "Avoine"]
[Date "2007.07.25"]
[Round "5"]
[White "Lepot, Simon"]
[Black "Le Borgne, Pierre"]
[Result "0-1"]
[WhiteElo "1964"]
[BlackElo "2221"]
[PlyCount "30"]
[EventDate "2007.07.21"]
[EventType "swiss"]
[EventRounds "9"]
[EventCountry "FRA"]
[SourceTitle "EXT 2010"]
[Source "ChessBase"]
[SourceDate "2010.11.25"]
[SourceVersion "1"]
[SourceVersionDate "2010.11.25"]
[SourceQuality "1"]

1. e4 e5 2. Nf3 Nc6 3. Nc3 Nf6 4. Bb5 Bd6 5. 0-0 0-0 6. d4 Nxd4 7. Nxd4 exd4 8. Qxd4 Re8 9. Bd2 Be5 10. Qe3 Bxh2+ 11. Kh1 c6 12. Qg5 Re5 13. Qe3 Rh5 14. g3 cxb5 15. Kg2 d5 0-1

[Event "La Fere op 6th"]
[Site "La Fere"]
[Date "2007.07.10"]
[Round "5"]
[White "Sobry, Sebastien"]
[Black "Lepot, Simon"]
[Result "1/2-1/2"]
[WhiteElo "2075"]
[BlackElo "1964"]
[PlyCount "59"]
[EventDate "2007.07.07"]
[EventType "swiss"]
[EventRounds "9"]
[EventCountry "FRA"]
[SourceTitle "CBM 119 Extra"]
[Source "ChessBase"]
[SourceDate "2007.09.04"]
[SourceVersion "1"]
[SourceVersionDate "2007.09.04"]
[SourceQuality "1"]

1. e4 c5 2. Nf3 d6 3. d4 cxd4 4. Nxd4 Nf6 5. Nc3 a6 6. f3 e6 7. Bc4 b5 8. Bb3 Bb7 9. Be3 Nbd7 10. Qd2 Nb6 11. g4 Nfd7 12. 0-0-0 Ne5 13. Kb1 Nec4 14. Qe2 Nxe3 15. Qxe3 Nc4 16. Qe2 Rc8 17. a4 Qa5 18. axb5 Nxb2 19. Kxb2 Qxc3+ 20. Kb1 Qa5 21. Rhe1 axb5 22. Qxb5+ Qxb5 23. Nxb5 Kd7 24. f4 Rc6 25. Rd2 Be7 26. Red1 Ra8 27. f5 Rb6 28. Nxd6 Rxd6 29. Rxd6+ Bxd6 30. e5 1/2-1/2

[Event "La Fere op 6th"]
[Site "La Fere"]
[Date "2007.07.09"]
[Round "4"]
[White "Lepot, Simon"]
[Black "Rachenne, Romain"]
[Result "1-0"]
[WhiteElo "1964"]
[BlackElo "1764"]
[PlyCount "37"]
[EventDate "2007.07.07"]
[EventType "swiss"]
[EventRounds "9"]
[EventCountry "FRA"]
[SourceTitle "CBM 119 Extra"]
[Source "ChessBase"]
[SourceDate "2007.09.04"]
[SourceVersion "1"]
[SourceVersionDate "2007.09.04"]
[SourceQuality "1"]

1. e4 e6 2. d4 b6 3. Bd3 Bb7 4. f4 Nf6 5. Qe2 c5 6. c3 cxd4 7. cxd4 Nc6 8. Nf3 Bb4+ 9. Nc3 0-0 10. 0-0 Rc8 11. e5 Ne8 12. Bxh7+ Kh8 13. Ng5 g6 14. Qg4 Kg7 15. Nxf7 Kxf7 16. Bxg6+ Ke7 17. Qh4+ Nf6 18. Ne4 d6 19. exf6+ 1-0

[Event "La Fere op 6th"]
[Site "La Fere"]
[Date "2007.07.09"]
[Round "3"]
[White "Riff, Jean Noel"]
[Black "Lepot, Simon"]
[Result "1-0"]
[WhiteElo "2460"]
[BlackElo "1964"]
[PlyCount "53"]
[EventDate "2007.07.07"]
[EventType "swiss"]
[EventRounds "9"]
[EventCountry "FRA"]
[SourceTitle "CBM 119 Extra"]
[Source "ChessBase"]
[SourceDate "2007.09.04"]
[SourceVersion "1"]
[SourceVersionDate "2007.09.04"]
[SourceQuality "1"]

1. e4 c5 2. Nf3 a6 3. Nc3 d6 4. d4 cxd4 5. Nxd4 Nf6 6. Be2 e5 7. Nb3 Be7 8. 0-0 0-0 9. Kh1 b6 10. f3 Bb7 11. a4 d5 12. exd5 Nxd5 13. Nxd5 Bxd5 14. c4 Be6 15. Qe1 Qc7 16. Be3 Nc6 17. Rc1 Rac8 18. Qf2 Rb8 19. Rfd1 Rfc8 20. f4 f6 21. fxe5 Nxe5 22. Nd4 Ng4 23. Bxg4 Bxg4 24. Bf4 Bd6 25. Nb5 axb5 26. Bxd6 Qb7 27. Rd4 1-0

[Event "La Fere op 6th"]
[Site "La Fere"]
[Date "2007.07.08"]
[Round "2"]
[White "Lepot, Simon"]
[Black "Holland, Christophe"]
[Result "1-0"]
[WhiteElo "1964"]
[BlackElo "1756"]
[PlyCount "39"]
[EventDate "2007.07.07"]
[EventType "swiss"]
[EventRounds "9"]
[EventCountry "FRA"]
[SourceTitle "CBM 119 Extra"]
[Source "ChessBase"]
[SourceDate "2007.09.04"]
[SourceVersion "1"]
[SourceVersionDate "2007.09.04"]
[SourceQuality "1"]

1. e4 c6 2. d4 d5 3. exd5 cxd5 4. Bd3 Nf6 5. c3 Nc6 6. Bf4 Bg4 7. Qb3 Qd7 8. Nd2 e6 9. Ngf3 Bxf3 10. Nxf3 Bd6 11. Ne5 Qc7 12. 0-0 0-0 13. Rae1 Nh5 14. Bg3 Nxg3 15. hxg3 Nxe5 16. dxe5 Bxe5 17. Qd1 g6 18. g4 Bh2+ 19. Kh1 Qf4 20. Re3 1-0

[Event "FRA-ch U16"]
[Site "Le Grand Bornand"]
[Date "2007.04.14"]
[Round "8"]
[White "Lepot, Simon"]
[Black "Charmeteau, Sven"]
[Result "1/2-1/2"]
[WhiteElo "1946"]
[BlackElo "2149"]
[PlyCount "61"]
[EventDate "2007.04.07"]
[EventType "swiss"]
[EventRounds "9"]
[EventCountry "FRA"]
[SourceTitle "CBM 118 Extra"]
[Source "ChessBase"]
[SourceDate "2007.07.04"]
[SourceVersion "1"]
[SourceVersionDate "2007.07.04"]
[SourceQuality "1"]

1. e4 c5 2. Nf3 Nc6 3. Nc3 a6 4. d4 cxd4 5. Nxd4 e5 6. Nf5 d6 7. Ne3 Nf6 8. Bd3 Be7 9. 0-0 0-0 10. Ncd5 Nxd5 11. Nxd5 Be6 12. Be3 b5 13. a4 Rb8 14. axb5 axb5 15. Ra6 Bxd5 16. exd5 Nb4 17. Ra7 f5 18. c3 Nxd3 19. Qxd3 f4 20. Bd2 f3 21. g3 Qc8 22. Rfa1 Bd8 23. Be3 Rf5 24. g4 Rf6 25. h3 h5 26. Qe4 hxg4 27. Qxg4 Qxg4+ 28. hxg4 Bb6 29. Ra8 Rff8 30. Rxb8 Rxb8 31. Bxb6 1/2-1/2

[Event "FRA-ch U16"]
[Site "Le Grand Bornand"]
[Date "2007.04.11"]
[Round "5"]
[White "Migot, Tangi"]
[Black "Lepot, Simon"]
[Result "1/2-1/2"]
[WhiteElo "2016"]
[BlackElo "1946"]
[PlyCount "69"]
[EventDate "2007.04.07"]
[EventType "swiss"]
[EventRounds "9"]
[EventCountry "FRA"]
[SourceTitle "CBM 118 Extra"]
[Source "ChessBase"]
[SourceDate "2007.07.04"]
[SourceVersion "1"]
[SourceVersionDate "2007.07.04"]
[SourceQuality "1"]

1. e4 e5 2. Nf3 Nc6 3. Bb5 a6 4. Ba4 Nf6 5. 0-0 Nxe4 6. Re1 Nc5 7. Bxc6 dxc6 8. Nxe5 Be7 9. d4 Ne6 10. c3 0-0 11. Qb3 Qd5 12. Nd2 Rd8 13. Nef3 Qxb3 14. Nxb3 a5 15. Be3 a4 16. Nbd2 c5 17. dxc5 Nxc5 18. Bf4 Ne6 19. Bxc7 Nxc7 20. Rxe7 Nd5 21. Re4 a3 22. Rae1 Be6 23. Nb1 axb2 24. Rd4 Rdc8 25. Rd3 Rxa2 26. Nfd2 g6 27. h3 b5 28. Kh2 Ra1 29. Ne4 Nb4 30. Rd2 Bf5 31. Nd6 Bxb1 32. Rxb2 Nd3 33. Rbxb1 Rxb1 34. Rxb1 Rxc3 35. Rxb5 1/2-1/2

[Event "FRA-ch Accession"]
[Site "Besancon"]
[Date "2006.08.21"]
[Round "6"]
[White "Rodrigues, Gilbert"]
[Black "Lepot, Simon"]
[Result "1-0"]
[WhiteElo "1890"]
[BlackElo "1880"]
[PlyCount "83"]
[EventDate "2006.08.15"]
[EventType "swiss"]
[EventRounds "10"]
[EventCountry "FRA"]
[SourceTitle "CBM 113 Extra"]
[Source "ChessBase"]
[SourceDate "2006.09.14"]
[SourceVersion "1"]
[SourceVersionDate "2006.09.14"]
[SourceQuality "1"]

1. e4 c5 2. Nc3 Nc6 3. f4 g6 4. Nf3 d6 5. Bb5 Bg7 6. 0-0 e6 7. d3 Nge7 8. Qe1 0-0 9. Ne2 a6 10. Bxc6 Nxc6 11. Ng3 f5 12. c3 b6 13. h4 e5 14. exf5 gxf5 15. Nh5 Ra7 16. Nxg7 Rxg7 17. fxe5 dxe5 18. Bh6 Qf6 19. Bxg7 Qxg7 20. Qe3 Bb7 21. Qg5 Rf7 22. Rae1 h6 23. Qxg7+ Rxg7 24. Rf2 e4 25. dxe4 fxe4 26. Rxe4 Nd4 27. Rxd4 cxd4 28. Nxd4 Rg4 29. Nf5 Kh7 30. Ne3 Rg7 31. Rf6 b5 32. Kf2 h5 33. g3 Rd7 34. Nf5 Bc8 35. Rh6+ Kg8 36. Rxh5 Rf7 37. g4 Be6 38. Ke3 Rf6 39. Kf4 Bxa2 40. g5 Rf8 41. g6 Bb1 42. g7 1-0

[Event "La Fere op 5th"]
[Site "La Fere"]
[Date "2006.07.12"]
[Round "7"]
[White "Molet, Asher"]
[Black "Lepot, Simon"]
[Result "0-1"]
[WhiteElo "1990"]
[BlackElo "1880"]
[PlyCount "36"]
[EventDate "2006.07.08"]
[EventType "swiss"]
[EventRounds "9"]
[EventCountry "FRA"]
[SourceTitle "CBM 113 Extra"]
[Source "ChessBase"]
[SourceDate "2006.09.14"]
[SourceVersion "1"]
[SourceVersionDate "2006.09.14"]
[SourceQuality "1"]

1. d4 Nf6 2. Nf3 g6 3. c4 Bg7 4. Nc3 d6 5. e4 0-0 6. Be2 e5 7. dxe5 dxe5 8. Qxd8 Rxd8 9. Bg5 Nc6 10. Bxf6 Bxf6 11. Nd5 Bg7 12. Nxc7 Rb8 13. Nd5 Bg4 14. Ng1 Be6 15. Bd3 Rbc8 16. Ne2 Bxd5 17. exd5 Nb4 18. 0-0-0 e4 0-1